01850cam a22004814i 4500003000900000005001700009008004100026035001900067035001900086040003300105082002100138110003500159245007800194264002800272300006400300336002100364337002500385338002300410500006300433505005100496526001000547526001000557526000900567526000900576526000900585526000900594526000900603526000900612526000900621526000800630526000800638526000800646526000800654526000800662650005800670942001400728949018800742994001400930596000600944999022100950980005501171952014201226PE-LiUPU20250731165500.0150623s r 000 0 d a(Sirsi) a22404 a(Sirsi) a22404 aPE-LiUPUbspacPE-LiUPUerda04a985.21gbE972212 aExpreso, Editora Nacional S.A.10aLima paseos por la ciudad y su historia :bExpreso, Editora Nacional S.A. 1aLima :bExpreso,c1998. a588 páginas :bilustraciones, gráficos, fotos ;c27 cm. atext2rdacontent aunmediated2rdamedia avolume2rdacarrier aEdición cultural coleccionable del Diario Expreso, Lima.0 a40 fascículos. Lima: guías, historia, etc. aSEG44 aSEG26 aP151 aP150 aP149 aP146 aP145 aP126 aP125 aP92 aP75 aP74 aP27 aP1504aLimaxDescripciones y viajesvObras de divulgación. 2ddccBOOK aRC 985.21G E97wDEWEYc1i46193lRCmBULr0sYtBOOKu2015-6-24xEDUCACIONzUNKNOWN0COMPRAo.CIRCNOTE. No olvidar cambiar la fecha de devolución!!!!!!!o.STAFF. Colección General aC0bPEPRU a1 aRC 985.21G E97wDEWEYc22972i46193f2021-11-8g5lCCODEBUL1mBULr0sYtBOOKu2015-6-24xBIBLIOTECAzUNKNOWN0COMPRAo.CIRCNOTE. No olvidar cambiar la fecha de devolución!!!!!!!o.STAFF. Colección Generald22972 81gALBERTO SANCHEZ Responsable de Automatización r2025-12-02 00:00:00i6l0oRC 985.21G E97p46193te1w2015-06-24xFACIHEDyREF102ddc50718REFfP14aBULbBULcREFd2015-06-24eCOMPRA